000 00678nam a2200229Ia 4500
003 OSt
005 20220928113647.0
006 a|||||r|||| 00| 0
007 ta
008 220927b |||||||| |||| 00| 0 eng d
024 _a42242
037 _cTextual
040 _aSDCL
_cSDCL
_beng
041 _2eng
_aeng
082 _aXM8:6.2'N8<N5, M1
100 _aKishor Braj
_9434323
245 0 _aCorporate capitalization in India
_b A study in corporate financing patterns since 1951-52
260 _aBombay
_bHimalaya Publishing
_c1981
300 _avii,263p
_ccm.
942 _hXM8:6.2'N8<N5, M1
_cTEXL
_2CC
999 _c750669
_d750669